Culture Générale - Série 529 - Statistiques

Statistiques générales
  • Ce quiz a été pris 152 fois
  • Le résultat moyen est 5 sur 10
Statistiques - réponses
Question Réponse % Correct
De quel pays est originaire le gros saucisson cuit appelé mortadelle ? Italie
89%
Qu'est-ce qu'un églefin ou aiglefin ? poisson
77%
Sous quel nom connaît-on mieux Charles 1er le Grand ? Charlemagne
73%
A l'école, à quelle classe correspond la neuvième ? CE2
71%
Qu'est-ce que le Nasdaq dont on entend parler tous les jours à la radio ? indice boursier
59%
Quel art a valu à Douglas Fairbanks une renommée internationale ? cinéma
53%
Quel style musical Eddy Mitchell associe-t-il au terme "lèche-bottes" dans le titre d'une chanson de 1989 ? blues
48%
A quelle catégorie de pronoms "ceci" et "cela" appartiennent-ils ? Pronoms démonstratifs
26%
Quel héros de bande dessinée, descendant du peuple des Etoiles, est recueilli bébé par des Vikings ? Thorgal
22%
Quel humoriste zappe entre le film "Thérèse" et le film "Emmanuelle" dans un célèbre sketch ? Raymond Devos
21%
Aucun quiz correspondant
Distribution des résultats
% des personnes avec chaque résultat
Percentile par nombre de réponses
Votre historique - résultats
Vous n’avez pas pris ce quiz